000 00519nam a2200193Ia 4500
005 20250508152507.0
008 008 250505s9999 xx 000 0 eng d
037 _aTextual
040 _aFEDL
_beng
_cFEDL
041 _aeng
_2eng
084 _a150, FLU
_qFEDL
100 _aFlugel J C
245 0 _aStudies in feeling and desire
260 _aLondon, UK
_bGerald Duckworth and Co. Ltd.
_c1955
300 _axv,200p.
650 _aPsychology
942 _cTEXL
_h150, FLU
999 _c1336782
_d1336782